1004 1650 1888 1188 1197 1168 1535 1015 1058 1716 1289 1962 1124 1328 1135 1965 1608 1496 1516 1873 1087 1573 1724 1117 1266 1926 1177 1387 1773 1322 1696 1048 1900 1799 1228 1129 1712 1940 1290 1219 1890 1112 1031 1369 1213 1713 1977 1212 1305 1292 1682 1851 1123 1830 1847 1971 1193 1804 1583 1029 1864 1706 1504 1717 1929 1343 1431 1003 1984 1970 1883 1567 1023 1301 1544 1403 1074 1248 1026 1387 1976 1565 1924 1962 1402 1737 1871 1361 1675 1500 1994 1627 1011 1646 1841 1994 1763 1222 1126 BCNSPRNW ULIB Ver.6.0+V

เปลี่ยนเป็นภาษาไทย

Change to English
 แสดงรายละเอียดบรรณานุกรม
  กลับหน้าหลัก

Brief Record : Get Marc (ISO 2709) : E-mail record : QR code < ปิดหน้าต่าง
LEADER : 00000nam 2200000uu 4500
001    13399112935
003     ULIB
008    110919s2552||||th 000 0 tha d
020    9786169015307
090    นว.^bส174ร 2552
100 0  สเตเฟนี่ เมเยอร์
245 00 รุ่งอรุโณทัย เล่ม 2/^cอาทิตยา แปล
250    พิมพ์ครั้งที่ 7
260    กรุงเทพฯ :^bปราชญ์เปรียว,^c2552
300    422 หน้า
945    ^p300^l0^i16298
995    กัณชพร
999     ^aใช้งานได้ทุกระบบ
รายการนี้ยังไม่มีแท็ก
คุณยังไม่ได้ล็อกอิน คุณสามารถมีกิจกรรมร่วมกับเว็บไซต์ได้ แต่ต้องล็อกอินก่อน ::
  ล็อกอิน

รายการสื่อสารสนเทศ

ลำดับที่ ประเภท เลขเรียก/บาร์โค้ด สถานที่ สถานะ
1. นวนิยาย
นวนิยาย
นว. ส174ร 2552  
  Barcode: 16298
ห้องสมุดวิทยาเขตสวรรค์ประชารักษ์
►นวนิยาย
บนชั้น
  ขอยืม

รายการใกล้เคียง
    ผู้แต่ง [สเตเฟนี่ เมเยอร์]

BibComment


ยังไม่เคยถูกคอมเมนท์

คอมเมนท์ทรัพยากรรายการนี้
  คอมเมนท์: รุ่งอรุโณทัย เล่ม..


 Copyright 2026. Bcnsprnw @Library